MARC

LEADER 00000nam0a2200000 4500
001 366376
005 20231102011857.0
035 |a (RuTPU)RU\TPU\retro\23739 
090 |a 366376 
100 |a 20220207d1979 km y0rusy50 ca 
101 0 |a rus 
102 |a RU 
105 |a a z 001zy 
200 1 |a Процессы формирования качества воды в питьевых водохранилищах  |f Московский государственный университет ; отв. ред. Н. А. Воробьева 
210 |a Москва  |c Изд-во МГУ  |d 1979 
215 |a 146 с.  |c ил. 
320 |a Библиогр. в конце ст. 
606 1 |a Вода  |x Качество  |2 stltpush  |3 (RuTPU)RU\TPU\subj\2665 
610 1 |a питьевая вода 
610 1 |a водохранилища 
610 1 |a формирование 
610 1 |a биогенные элементы 
610 1 |a обмен 
610 1 |a эвтрофирование 
610 1 |a деструкционные превращения 
675 |a 556.535.8  |v 4 
702 1 |a Воробьева  |b Н. А.  |4 340 
712 0 2 |a Московский государственный университет  |c (1930-1940)  |2 stltpush  |3 (RuTPU)RU\TPU\col\27639  |9 28800 
801 1 |a RU  |b 63413507  |c 20220207 
801 2 |a RU  |b 63413507  |c 20220207  |g RCR 
942 |c BK